| 000 | 00759cab a2200217 4500 | ||
|---|---|---|---|
| 001 | WB3229-07 | ||
| 008 | 090401t1996 xxu||||| |||| 00| 0 eng d | ||
| 035 | _a(Sirsi) u60385 | ||
| 041 | _aeng | ||
| 245 | _aAshford building collapse | ||
| 260 | _c1996 | ||
| 350 | _a0 | ||
| 490 |
_aNew Civil Engineer _v(1184) 25 July 1996, 3(1) |
||
| 520 | _aA coroner`s court delivered a verdict of unlawful killing on the deaths of four construction workers killed in collapse of a building in Ashford in August 1995. The building collapsed due to gross building defects. | ||
| 650 | _aBUILDING DEFECTS | ||
| 650 |
_aHEALTH AND SAFETY _96244 |
||
| 650 | _aUNLAWFUL KILLING | ||
| 690 | _aBUILT ENVIRONMENT-BUILDING STANDARDS | ||
| 942 | _n0 | ||
| 948 | _c04/03/1997 | ||
| 999 |
_c37228 _d37228 |
||